[Event "United States Championship 2003"]
[Site "SEATTLE USA"]
[Date "2003.01.14"]
[Round "4"]
[White "Lein,A"]
[Black "Pruess,D"]
[Result "1-0"]
[WhiteTitle "GM"]
[WhiteElo "2402"]
[WhiteCountry "USA"]
[WhiteTime "00:04:14"]
[BlackElo "2346"]
[BlackCountry "USA"]
[BlackTime "00:02:50"]

1. Nf3 Nf6 2. g3 d5 3. Bg2 c6 4. O-O Bg4 5. d3 Nbd7 6. Nbd2 e5 7. e4 Bd6 8.
h3 Bh5 9. Qe1 O-O 10. Nh4 Re8 11. Nf5 Bc7 12. Nb3 Nf8 13. Be3 Ne6 14. c3 Bb6
15. Bxb6 axb6 16. Qe3 dxe4 17. dxe4 Qc7 18. f3 Red8 19. Rfe1 Nd7 20. Bf1 f6
21. Kf2 Bf7 22. Nd2 Ndc5 23. Be2 Rd7 24. Nf1 Nf8 25. b3 Be6 26. Kg2 Ng6 27.
Kh2 Kh8 28. c4 Bxf5 29. exf5 Ne7 30. g4 Rad8 31. Red1 Rxd1 32. Rxd1 Rxd1 33.
Bxd1 Nd3 34. Ng3 Nf4 35. Qd2 c5 36. Ne4 Nc6 37. Qd6 Qxd6 38. Nxd6 Nd4 39.
Kg1 Nd3 40. Kf1 Nc1 41. Ke1 Nxa2 42. Kd2 h5 43. Nxb7 Kh7 44. Nd6 Kh6 45.
Nf7+ Kh7 46. Nd6 h4 47. Nc8 b5 48. Nd6 bxc4 49. bxc4 Nb4 50. Ne4 Na6 51. Ke3
Kg8 52. Ba4 Kf7 53. Bb5 Nc7 54. Ba4 Na6 55. f4 exf4+ 56. Kxf4 g5+ 57.
fxg6ep+ Kxg6 58. Bd7 Ne2+ 59. Kf3 Nd4+ 60. Ke3 f5 61. gxf5+ Nxf5+ 62. Kf4
Ng3 63. Nd2 Nh5+ 64. Ke5 Nb4 65. Bf5+ Kh6 66. Be4 Ng3 67. Nb3 Nxe4 68. Kxe4
Na6 69. Kd5 Kg5 70. Nxc5 Nxc5 71. Kxc5 Kf4 72. Kd4 Kg3 73. c5 Kxh3 74. c6
Kg2 75. c7 h3 76. c8=Q h2 77. Qc2+ Kg3 78. Kd5 1-0